SpongeBob goes prehistoric / (Record no. 292683)
[ view plain ]
| 000 -LEADER | |
|---|---|
| fixed length control field | 00643nam a2200193Ia 4500 |
| 008 - FIXED-LENGTH DATA ELEMENTS--GENERAL INFORMATION | |
| fixed length control field | 160319s9999 xx 000 0 und d |
| 245 ## - TITLE STATEMENT | |
| Title | SpongeBob goes prehistoric / |
| 245 ## - TITLE STATEMENT | |
| Statement of responsibility, etc | Paramount Home Entertainment (Australasia) Pty., Ltd; Nickelodeon Movies. |
| 260 ## - PUBLICATION, DISTRIBUTION, ETC. (IMPRINT) | |
| Place of publication, distribution, etc | Australia : |
| 260 ## - PUBLICATION, DISTRIBUTION, ETC. (IMPRINT) | |
| Name of publisher, distributor, etc | Paramount/Nickelodeon. |
| 260 ## - PUBLICATION, DISTRIBUTION, ETC. (IMPRINT) | |
| Date of publication, distribution, etc | NA |
| 300 ## - PHYSICAL DESCRIPTION | |
| Extent | 1 videodisc (DVD) (ca. 119 min.) : |
| 300 ## - PHYSICAL DESCRIPTION | |
| Other physical details | sound, colored ; |
| 300 ## - PHYSICAL DESCRIPTION | |
| Dimensions | 4 3/4 in. |
| 440 ## - SERIES STATEMENT/ADDED ENTRY--TITLE | |
| Title | SpongeBob SquarePants. |
| 650 ## - SUBJECT ADDED ENTRY--TOPICAL TERM | |
| Topical term or geographic name as entry element | SpongeBob SquarePants (Fictitious character) -- |
| 650 ## - SUBJECT ADDED ENTRY--TOPICAL TERM | |
| Topical term or geographic name as entry element | SpongeBob SquarePants (Fictitious character). |
| 650 ## - SUBJECT ADDED ENTRY--TOPICAL TERM | |
| General subdivision | Juvenile drama. |
| Withdrawn status | Lost status | Damaged status | Home library | Current library | Date acquired | Total Checkouts | Barcode | Date last seen | Price effective from | Koha item type |
|---|---|---|---|---|---|---|---|---|---|---|
| Stonyhurst Southville International School (Batangas) | Stonyhurst Southville International School (Batangas) | 03/19/2016 | AV-286 | 03/19/2016 | 03/19/2016 | Audio Visual Materials |